000 00920nam0a22002531 4500
001 rc\921356
005 20041129095114.3
035 _a(NLR Aleph) 006095333
090 _a5202191
_c5202191
100 _a20041129d1982 u |0rusy50 ca
101 0 _arus
102 _aRU
105 _aa |||||||||
200 1 _aСтратегия руководителя
_eЗаписки ген. дир. [Котлас. целлюлоз.-бум. комб.]
_f[Лит. запись В.С. Гринера]
205 _a2-е изд.
210 _aАрхангельск
_cСев.-Зап. кн. изд-во
_d1982
215 _a157 с., 8 л. ил.
_cил.
_d17
700 1 _aДыбцын
_bА. А.
_gАлександр Александрович
702 1 _aГринер
_bВ. С.
_gВалентин Сергеевич
_4570
801 0 _aRU
_bNLR
_gpsbo
801 1 _aRU
_bELAR
_2rusmarc
852 _aNLR
_j82-2/2868
942 _cBOOK
980 _aNB